000 00897 a2200217 4500
001 39002
005 20260407155649.0
008 260407a1962 arg spa d
003 AR-UNSa-BCEJYS
040 _aAR-UNSa-BCEJYS
_bspa
_cAR-UNSa-BCEJYS
080 _a658.8.012.12
_xInvestigación de mercados
245 1 0 _aTécnica y práctica de las investigaciones de mercado
250 _a2a. ed
264 1 _aBarcelona :
_bAriel
_c1962
300 _a822 p.
_c23 cm.
505 _aParte I: Técnicas y problemas de las investigaciones de mercado - Parte II: Aplicaciones de las investigaciones de mercado en los distintos campos y sectores - Parte III: Geografía del marketing - Parte IV: Institutos para el estudio de los mercados y enseñanza del marketing
942 _cBK
590 _aniveau_biblio:m niveau_hierar:0
100 1 _aTagliacarne, Guglielmo
700 1 _aCantó Martínez, Pablo
999 _c2938
_d2938